000 00932cam a22002413a 4500
001 6323
003 PGUSA
005 20140828083131.0
008 040801s2004||||xxu|||||s|||||000 | eng d
040 _aPGUSA
_beng
042 _adc
050 4 _aPZ
245 1 4 _aThe Junior Classics — Volume 4 :
_bHeroes and heroines of chivalry
_h[electronic resource]
260 _bProject Gutenberg,
_c2004
505 0 _aThe story of King Arthur -- The Mabinogion -- Tales from early English chronicles -- Tales told by Chaucer's Canterbury pilgrims -- Tales from French and Italian chronicles -- the Spanish chronicle of the Cid -- Tales of Robin Hood -- Don Quixote de la Mancha.
506 _aPublic domain in the USA.
516 _aElectronic text
653 _aChildren's literature
700 1 _aPatten, William,
_d1868-1936
830 0 _aProject Gutenberg
_v6323
856 4 0 _uhttp://www.gutenberg.org/ebooks/6323
942 _cEB
999 _c235646
_d235646